Υπολογισμός ανθρακικού αποτυπώματος (carbon footprint) σε στόλους εμπορευματικών μεταφορών : [μεταπτυχιακή διατριβή]

Αποθηκεύτηκε σε:
Λεπτομέρειες βιβλιογραφικής εγγραφής
Κύριος συγγραφέας: Αρωνιάδα, Γεωργία
Συγγραφή απο Οργανισμό/Αρχή: Πανεπιστήμιο Αιγαίου Σχολή Επιστημών της Διοίκησης Τμήμα Μηχανικών Οικονομίας και Διοίκησης Μεταπτυχιακό Πρόγραμμα Σπουδών "Οικονομική & Διοίκηση για Μηχανικούς" - Ο.ΔΙ.Μ
Άλλοι συγγραφείς: Ζεϊμπέκης, Βασίλειος (Εισηγητής διατριβής)
Μορφή: Thesis Βιβλίο
Γλώσσα:English
Δημοσίευση: 2013
Θέματα:
Διαθέσιμο Online:http://hdl.handle.net/11610/14620
Ετικέτες: Προσθήκη ετικέτας
Δεν υπάρχουν, Καταχωρήστε ετικέτα πρώτοι!

MARC

LEADER 00000cam a2200000 i 4500
001 1/50155
008 140627s2013 eng d
035 |l 10118112 
040 |a GR-MY-UA  |b gre  |e aacr 
041 0 |a eng 
082 0 |a 629.040286  |2 (23) 
100 1 |a Αρωνιάδα, Γεωργία. 
245 1 0 |a Υπολογισμός ανθρακικού αποτυπώματος (carbon footprint) σε στόλους εμπορευματικών μεταφορών :  |b [μεταπτυχιακή διατριβή] /  |c Γεωργία Αρωνιάδα ; επιβλέπων καθηγητής Βασίλειος Ζεϊμπέκης 
260 |c 2013 
300 |a 114 σ.;  |b διαγρ., πίν.;  |c 30 εκ. 
502 # # |a Διατριβή (μεταπτυχιακή) – Πανεπιστήμιο Αιγαίου, Χίος, 2013. 
504 |a Βιβλιογραφία: σ.98-102 
650 0 0 |a Transportation engineering  |x Environmental aspects. 
650 0 0 |a Carbon  |x Environmental aspects. 
650 0 0 |a Dissertations, Academic  |z Greece. 
700 1 |a Ζεϊμπέκης, Βασίλειος.  |4 ths 
710 1 |a Πανεπιστήμιο Αιγαίου  |b Σχολή Επιστημών της Διοίκησης  |b Τμήμα Μηχανικών Οικονομίας και Διοίκησης  |b Μεταπτυχιακό Πρόγραμμα Σπουδών "Οικονομική & Διοίκηση για Μηχανικούς" - Ο.ΔΙ.Μ. 
852 |a INST  |b CHIOS  |c DIATR  |e 20140627  |h 629.040286 ΑΡΩ  |p 005200036373  |q 005200036373  |t MTXE  |y 23 
852 |a INST  |b CHIOS  |c DIATR  |e 20140627  |h 629.040286 ΑΡΩ  |p 005200036374  |q 005200036374  |t MTXE  |y 23 
856 |u http://hdl.handle.net/11610/14620 
901 |a BIBL2-2014-2 
909 |a Χ  |b 180405 
909 |a Χ  |b 180406 
924 |a ΑΡΩΝΙΑΔΑ  |b ΓΕΩΡΓΙΑ  |y ΧΙΟΣ  |z 2013-10 
970 |a ΣΠΕΝΤΖΑ  |b ΕΛΕΝΗ  |z 2014/06/27